Differentiation in the Production Potential and Efficiency of Farms in the Member States of the European Union

Hodnotenie diferenciácie výrobného potenciálu a efektívnosti fariem v členských štátoch Európskej únie v rokoch 2013 - 2016. Na tento účel sa použila taxonomická metóda - Hellwigovo vývojové opatrenie.

Gespeichert in:
Bibliographische Detailangaben
1. Verfasser: Nowak, Anna
Weitere Verfasser: Różańska-Boczula, Monika
Format: Buchkapitel
Sprache:Englisch
Schlagworte:
Tags: Tag hinzufügen
Keine Tags, Fügen Sie das erste Tag hinzu!

MARC

LEADER 00000naa a2200000 4500
001 0260985
005 20200113143459.5
041 0 |a eng 
044 |a CZ 
245 1 0 |a Differentiation in the Production Potential and Efficiency of Farms in the Member States of the European Union  |c Anna Nowak, Monika Różańska-Boczula 
520 |a Hodnotenie diferenciácie výrobného potenciálu a efektívnosti fariem v členských štátoch Európskej únie v rokoch 2013 - 2016. Na tento účel sa použila taxonomická metóda - Hellwigovo vývojové opatrenie. 
610 2 0 |a poľnohospodárstvo 
610 2 0 |a Európska únia 
610 2 0 |a farmy 
610 2 0 |a produkcia 
100 1 |a Nowak, Anna 
700 1 |a Różańska-Boczula, Monika